James Madison Trivia - Statistics

General Stats
  • This quiz has been taken 17 times
  • The average score is 6 of 10
Answer Stats
# Questions Answer % Correct
8 Who was the president who served before him? Thomas Jefferson
94%
9 What president served after Madison? James Monroe
88%
7 Since James Madison was a founder of the US,what does that make him? Answer: A ____ ____ Founding Father
82%
5 What current US state was Madison born in? Virginia
76%
3 Indoor arena in New York City named afterJames Madison Madison Square Garden
71%
2 What political party did James Madisonbelong to during his presidency? Democratic-Republican
65%
10 Finish the statement: Madison was focused ongetting land owned by Native Americans, UK and _____ Spain
59%
1 Who was James Madison's vice president George Clinton/Elbridge Gerry
29%
4 Who did James Madison marry in 1794? Dolley Payne
12%
6 What bank did James Madison create? Second Bank of the United States
6%
No matching quizzes found
Score Distribution
Percent of People with Each Score
Percentile by Number Answered
Your Score History
You have not taken this quiz